📖🕯 150 premiers mots "La Grotte des Korrigans" - Statistiques

Statistiques générales
  • Ce quiz a Ă©tĂ© pris 10 fois
  • Le rĂ©sultat moyen est 80 sur 150
Statistiques - réponses
Mots % Correct
d'
100%
Il
100%
il
100%
l'
100%
la
100%
Le
100%
le
100%
Pierre
100%
Saunier
100%
Ă 
86%
de
86%
De
86%
ils
86%
n'
86%
sa
86%
et
71%
Mais
71%
ne
71%
Nous
71%
petit
71%
plus
71%
plus.
71%
se
71%
ce
57%
donc
57%
du
57%
en
57%
été
57%
fait
57%
jeune
57%
oĂą
57%
pas
57%
Pas
57%
qu'
57%
que
57%
qui
57%
soir
57%
sou
57%
un
57%
une
57%
autre
43%
avait
43%
bien
43%
Comme
43%
coupe
43%
coupe ...
43%
dans
43%
deux.
43%
était
43%
étions
43%
homme,
43%
leur
43%
lui-
43%
maison
43%
mĂŞme
43%
mĂŞme.
43%
par
43%
pauvre
43%
poche.
43%
pour
43%
Pour
43%
reste
43%
sont
43%
bout,
29%
cela
29%
Cela
29%
dernière
29%
garde-
29%
hiver
29%
lourd
29%
manger
29%
plaint
29%
pomme.
29%
pomme
29%
prend
29%
sept
29%
seul
29%
attendre
14%
bûche
14%
chercher
14%
déjà
14%
dénommé
14%
estomac.
14%
faudrait
14%
ferait
14%
fond
14%
froid,
14%
mars!
14%
moitié
14%
paludier
14%
pépin
14%
personne.
14%
récolter
14%
va
14%
Autant
0%
commence
0%
crier
0%
famine!
0%
lendemain.
0%
maigre.
0%
portion
0%
récit,
0%
replace
0%
sel,
0%
vendre.
0%
Aucun quiz correspondant
Distribution des résultats
% des personnes avec chaque résultat
Percentile par nombre de réponses
Votre historique - résultats
Vous n’avez pas pris ce quiz